[Event "Level op 7th"]
[Site "Level"]
[Date "2019.05.10"]
[Round "2"]
[White "Frank, Jozsef1111"]
[Black "Pesti, Mate"]
[Result "1/2-1/2"]
[WhiteElo "2016"]
[BlackElo "2009"]
[PlyCount "140"]
[EventDate "2019.05.10"]
[EventType "swiss"]
[EventRounds "7"]
[EventCountry "HUN"]
[SourceTitle "EXT 2021"]
[Source "ChessBase"]
[SourceDate "2020.10.23"]
[SourceVersion "1"]
[SourceVersionDate "2020.10.23"]
[SourceQuality "1"]

1. e4 c5 2. Nc3 Nc6 3. g3 g6 4. Bg2 Bg7 5. d3 d6 6. f4 Nf6 7. Nf3 0-0 8. 0-0 Bg4 9. h3 Bxf3 10. Qxf3 Nd4 11. Qf2 Rb8 12. Nd1 Qc7 13. c3 Nc6 14. Ne3 b5 15. Bd2 a5 16. a3 a4 17. g4 h6 18. g5 hxg5 19. fxg5 Nd7 20. Nd5 Qd8 21. Qh4 Nde5 22. Nf4 Qd7 23. Be3 Rfc8 24. Rf2 Na5 25. Raf1 b4 26. Nd5 Rf8 27. cxb4 cxb4 28. Nxb4 Nb3 29. Rc2 Rbc8 30. Rxc8 Qxc8 31. Qf4 Qd7 32. Rf2 Nc5 33. Bf1 Nc6 34. Nd5 Ne6 35. Qg4 Ncd4 36. h4 Qb7 37. h5 Be5 38. hxg6 fxg6 39. Rxf8+ Nxf8 40. Qg2 Nc6 41. Nc3 Qb3 42. Qd2 Ne6 43. Bh3 Ned4 44. Kg2 Nc2 45. Bf2 Qxb2 46. Be6+ Kg7 47. Nxa4 Qb1 48. Nc3 Qb2 49. Ne2 Nxa3 50. Qe3 Nc2 51. Qh3 Kf8 52. Qf3+ Bf6 53. gxf6 exf6 54. Bd5 Ne7 55. Bc4 Qe5 56. Qg3 Qxg3+ 57. Kxg3 Nb4 58. Bd4 d5 59. exd5 Nbxd5 60. Nf4 Nf5+ 61. Kh2 Nxf4 62. Bxf6 Nd6 63. Ba6 Ne6 64. d4 Kf7 65. Be5 Ke7 66. Bd3 Nf5 67. d5 Nf8 68. d6+ Nxd6 69. Bxd6+ Kxd6 70. Bxg6 Nxg6 1/2-1/2

[Event "HUN-chT4 1718"]
[Site "Hungary"]
[Date "2018.04.14"]
[Round "8.1"]
[White "Szabo, Tamas1111"]
[Black "Pesti, Mate"]
[Result "1/2-1/2"]
[WhiteElo "1447"]
[BlackElo "1912"]
[PlyCount "98"]
[EventDate "2017.10.28"]
[EventType "team-tourn"]
[EventRounds "9"]
[EventCountry "HUN"]
[SourceTitle "EXT 2020"]
[Source "ChessBase"]
[SourceDate "2019.10.17"]
[SourceVersion "1"]
[SourceVersionDate "2019.10.17"]
[SourceQuality "1"]

1. c4 e5 2. Nc3 Nf6 3. g3 Bc5 4. Bg2 Nc6 5. e3 0-0 6. Nge2 d6 7. d4 exd4 8. exd4 Bb6 9. 0-0 Bg4 10. Be3 Re8 11. a3 a5 12. h3 Bh5 13. Qd2 Bxe2 14. Nxe2 Qd7 15. Rfd1 Rad8 16. Kh2 h6 17. Nf4 Ne7 18. Qc3 c6 19. c5 Bc7 20. b4 d5 21. bxa5 Ra8 22. Rdb1 Bxa5 23. Qd3 Nf5 24. Bd2 Bxd2 25. Qxd2 Ne4 26. Bxe4 dxe4 27. d5 e3 28. fxe3 Nxe3 29. d6 Nd5 30. Nxd5 cxd5 31. Rb2 Qc6 32. Qb4 Rad8 33. Rd1 Rd7 34. Rbd2 Re5 35. Qd4 f6 36. Rb1 Qa6 37. Qd3 Qc6 38. Qd4 Kf7 39. Rb6 Qc8 40. Rdb2 Qa8 41. Qb4 Qe8 42. Rxb7 Re2+ 43. Rxe2 Qxe2+ 44. Kg1 Qd1+ 45. Kf2 Qc2+ 46. Kf1 Qc1+ 47. Kf2 Qc2+ 48. Kf1 Qc1+ 49. Kf2 Qc2+ 1/2-1/2

[Event "HUN-chT4 1718"]
[Site "Hungary"]
[Date "2018.02.17"]
[Round "6.1"]
[White "Kovacs, Istvan6666"]
[Black "Pesti, Mate"]
[Result "0-1"]
[WhiteElo "1349"]
[BlackElo "1902"]
[PlyCount "74"]
[EventDate "2017.10.28"]
[EventType "team-tourn"]
[EventRounds "9"]
[EventCountry "HUN"]
[SourceTitle "EXT 2020"]
[Source "ChessBase"]
[SourceDate "2019.10.17"]
[SourceVersion "1"]
[SourceVersionDate "2019.10.17"]
[SourceQuality "1"]

1. e4 c5 2. Bc4 Nc6 3. Nf3 g6 4. d3 Bg7 5. 0-0 d6 6. Ng5 e6 7. Qf3 Nf6 8. Bb5 0-0 9. Bxc6 bxc6 10. e5 Nd5 11. exd6 Qxd6 12. a3 Ba6 13. c4 Nf6 14. Nc3 Rad8 15. Rd1 Bc8 16. Nce4 Nxe4 17. Nxe4 Qe7 18. Rb1 h6 19. Be3 f5 20. Bxc5 fxe4 21. Bxe7 exf3 22. Bxd8 Rxd8 23. gxf3 e5 24. b4 Bh3 25. b5 cxb5 26. Rxb5 Rf8 27. Re1 Rf5 28. Re3 Rg5+ 29. Kh1 Bg2+ 30. Kg1 Bxf3+ 31. Kf1 Bc6 32. Ra5 Rh5 33. Kg1 Rf5 34. Rxa7 Rf8 35. Rg3 Rb8 36. h4 Rb1+ 37. Kh2 Rh1# 0-1

[Event "HUN-chT2 Breyer 1718"]
[Site "Hungary"]
[Date "2017.10.08"]
[Round "2.10"]
[White "Pesti, Mate"]
[Black "Fellegi, Tibor"]
[Result "1-0"]
[WhiteElo "1841"]
[BlackElo "2002"]
[PlyCount "49"]
[EventDate "2017.09.24"]
[EventType "team-tourn"]
[EventRounds "11"]
[EventCountry "HUN"]
[SourceTitle "EXT 2021"]
[Source "ChessBase"]
[SourceDate "2020.10.23"]
[SourceVersion "1"]
[SourceVersionDate "2020.10.23"]
[SourceQuality "1"]
[WhiteTeam "Kisber Aszar"]
[BlackTeam "Szekesfehervar"]
[WhiteTeamCountry "HUN"]
[BlackTeamCountry "HUN"]

1. e4 c6 2. d4 d5 3. exd5 cxd5 4. Bd3 Nf6 5. Bf4 Bg4 6. Nf3 Nc6 7. c3 Qc8 8. Nbd2 Bf5 9. Qc2 Nb4 10. Qa4+ Nc6 11. Qc2 Bxd3 12. Qxd3 Nh5 13. Bg3 Nxg3 14. hxg3 Qe6+ 15. Kf1 h5 16. Re1 Qd6 17. Ne5 g6 18. Ndf3 Bg7 19. Nxf7 Kxf7 20. Ng5+ Kg8 21. Re6 Rh6 22. Rxd6 exd6 23. Qb5 Ne7 24. Qxb7 Re8 25. Qd7 1-0

[Event "Gyor op-A 7th"]
[Site "Gyor"]
[Date "2016.07.08"]
[Round "4"]
[White "Suta, Tomaz"]
[Black "Pesti, Mate"]
[Result "1/2-1/2"]
[WhiteElo "1618"]
[BlackElo "1655"]
[PlyCount "34"]
[EventDate "2016.07.06"]
[EventType "swiss"]
[EventRounds "9"]
[EventCountry "HUN"]
[SourceTitle "EXT 2017"]
[Source "ChessBase"]
[SourceDate "2016.10.25"]
[SourceVersion "1"]
[SourceVersionDate "2016.10.25"]
[SourceQuality "1"]

1. e4 c5 2. Nf3 Nc6 3. d4 cxd4 4. Nxd4 g6 5. Nc3 Bg7 6. Be3 Nf6 7. Bd3 0-0 8. f3 d5 9. 0-0 dxe4 10. Nxc6 bxc6 11. Nxe4 Nd5 12. Bc5 Bxb2 13. Rb1 Bg7 14. c4 Nc3 15. Nxc3 Bxc3 16. Be4 Qc7 17. Qa4 Bb7 1/2-1/2

[Event "HUN-chT4 Chalupetzky 1516"]
[Site "Fertoszentmiklos"]
[Date "2015.12.13"]
[Round "3.5"]
[White "Pesti, Mate"]
[Black "Horvath, Tibor"]
[Result "1/2-1/2"]
[WhiteElo "1652"]
[BlackElo "1732"]
[PlyCount "110"]
[EventDate "2015.10.11"]
[EventType "team-tourn"]
[EventRounds "7"]
[EventCountry "HUN"]
[SourceTitle "EXT 2017"]
[Source "ChessBase"]
[SourceDate "2016.10.25"]
[SourceVersion "1"]
[SourceVersionDate "2016.10.25"]
[SourceQuality "1"]
[WhiteTeam "Gyor Bastya"]
[BlackTeam "Level KSE"]
[WhiteTeamCountry "HUN"]
[BlackTeamCountry "HUN"]

1. e4 c5 2. Nf3 Nc6 3. d4 cxd4 4. Nxd4 Nf6 5. Nc3 g6 6. Be3 Bg7 7. Nxc6 bxc6 8. e5 Ng8 9. Bd4 Nh6 10. e6 0-0 11. exf7+ Nxf7 12. Bxg7 Kxg7 13. Qd2 d5 14. 0-0-0 e5 15. f3 a5 16. Be2 a4 17. a3 Ba6 18. Rdf1 Bxe2 19. Qxe2 Qb6 20. Nd1 Rab8 21. h4 c5 22. h5 g5 23. g3 c4 24. c3 d4 25. f4 d3 26. Qe4 Qb3 27. Rf2 Qa2 28. Kd2 Rxb2+ 29. Nxb2 Qxb2+ 30. Ke3 gxf4+ 31. gxf4 exf4+ 32. Qxf4 Qxc3 33. h6+ Kh8 34. Qd4+ Qxd4+ 35. Kxd4 Rd8+ 36. Kxc4 Ne5+ 37. Kb4 d2 38. Kc3 Kg8 39. Rxd2 Rxd2 40. Kxd2 Nc4+ 41. Kc3 Nxa3 42. Rg1+ Kh8 43. Kb4 Nc2+ 44. Kxa4 Nd4 45. Rd1 Ne6 46. Rg1 Nf8 47. Rg4 Ng6 48. Kb5 Kg8 49. Kc5 Kf7 50. Kd6 Kf6 51. Rg1 Nh4 52. Kd7 Nf5 53. Rf1 Kg6 54. Ke6 Nxh6 55. Rg1+ Kh5 1/2-1/2

[Event "World ol U16"]
[Site "Gyor"]
[Date "2014.12.18"]
[Round "7.2"]
[White "Haring, Viktor"]
[Black "Pesti, Mate"]
[Result "1-0"]
[WhiteElo "2051"]
[BlackElo "1649"]
[PlyCount "79"]
[EventDate "2014.12.13"]
[EventType "team-swiss"]
[EventRounds "10"]
[EventCountry "HUN"]
[SourceTitle "EXT 2016"]
[Source "ChessBase"]
[SourceDate "2015.10.08"]
[SourceVersion "1"]
[SourceVersionDate "2015.10.08"]
[SourceQuality "1"]
[WhiteTeam "Slovakia Middle"]
[BlackTeam "Gyor"]
[WhiteTeamCountry "SVK"]
[BlackTeamCountry "HUN"]

1. e4 c5 2. Nf3 Nc6 3. d4 cxd4 4. Nxd4 g6 5. Be3 Bg7 6. c4 Nf6 7. Nc3 0-0 8. Be2 d6 9. 0-0 Bd7 10. f3 a6 11. Rc1 Nxd4 12. Bxd4 Bc6 13. b4 Rc8 14. Qd2 Bd7 15. Rfd1 Be6 16. Na4 Qc7 17. Nb6 Rb8 18. a4 Nd7 19. c5 Bxd4+ 20. Qxd4 Nxb6 21. cxb6 Qd8 22. Rc7 Bb3 23. Ra1 Be6 24. b5 axb5 25. Bxb5 Bc8 26. Rd1 Be6 27. e5 d5 28. Qb4 h6 29. a5 h5 30. Rxe7 Qc8 31. Rc7 Qd8 32. h4 Kh8 33. Qf4 Kg8 34. Bd3 Qe8 35. g4 hxg4 36. fxg4 Bd7 37. Rf1 Qe6 38. Bf5 gxf5 39. gxf5 Qe7 40. f6 1-0

[Event "World ol U16"]
[Site "Gyor"]
[Date "2014.12.13"]
[Round "1.2"]
[White "Nayhebaver, Martin"]
[Black "Pesti, Mate"]
[Result "1-0"]
[WhiteElo "2332"]
[BlackElo "1649"]
[PlyCount "63"]
[EventDate "2014.12.13"]
[EventType "team-swiss"]
[EventRounds "10"]
[EventCountry "HUN"]
[SourceTitle "EXT 2016"]
[Source "ChessBase"]
[SourceDate "2015.10.08"]
[SourceVersion "1"]
[SourceVersionDate "2015.10.08"]
[SourceQuality "1"]
[WhiteTeam "Slovakia"]
[BlackTeam "Gyor"]
[WhiteTeamCountry "SVK"]
[BlackTeamCountry "HUN"]

1. e4 c5 2. Nf3 Nc6 3. Nc3 g6 4. d4 cxd4 5. Nxd4 Bg7 6. Be3 Nf6 7. Bc4 Qa5 8. 0-0 0-0 9. Bb3 d6 10. h3 Bd7 11. f4 Rfd8 12. Qd3 e6 13. Rad1 Rac8 14. Qe2 d5 15. e5 Ne8 16. Qf2 Nxd4 17. Bxd4 b6 18. g4 Nc7 19. Be3 Qa6 20. Qg3 Qb7 21. f5 exf5 22. gxf5 Bxf5 23. Bg5 Rd7 24. Rxf5 gxf5 25. Bf6 Ne6 26. Kh2 d4 27. Nb5 Kf8 28. Bxg7+ Nxg7 29. Rg1 Ne8 30. Nd6 Qc6 31. Qg8+ Ke7 32. Qxf7+ 1-0